| 000 | 00334nam a22001457a 4500 | ||
|---|---|---|---|
| 003 | OSt | ||
| 005 | 20160727222345.0 | ||
| 008 | 160621b xxu||||| |||| 00| 0 eng d | ||
| 040 | _cTest | ||
| 100 |
_9211 _aSchmid, C |
||
| 245 | _a100 Stories | ||
| 260 |
_aBomba _b.Better Your Self Books _c1988 |
||
| 300 | _a100 Stories | ||
| 942 |
_2ddc _cBK |
||
| 999 |
_c169 _d169 |
||